Water and Wastewater Technology. (Record no. 548011)
[ view plain ]
| 000 -LEADER | |
|---|---|
| fixed length control field | 00595nam a2200193 a 4500 |
| 020 ## - INTERNATIONAL STANDARD BOOK NUMBER | |
| International Standard Book Number | 9788120334991 |
| 082 ## - DEWEY DECIMAL CLASSIFICATION NUMBER | |
| Classification number | 628.3 |
| Author Mark | HAM |
| -- | L-40, P-81 |
| 100 1# - MAIN ENTRY--PERSONAL NAME | |
| Personal name | Hammer, Mark J. |
| 9 (RLIN) | 390 |
| 245 1# - TITLE STATEMENT | |
| Title | Water and Wastewater Technology. |
| Statement of responsibility, etc. | Hammer, Mark J. |
| 250 ## - EDITION STATEMENT | |
| Edition statement | 6th ed. |
| 260 ## - PUBLICATION, DISTRIBUTION, ETC. | |
| Place of publication, distribution, etc. | New Delhi |
| Name of publisher, distributor, etc. | Prentice Hall of India |
| Date of publication, distribution, etc. | 2008 |
| 300 ## - PHYSICAL DESCRIPTION | |
| Extent | ix, 553 p. |
| Other physical details | ill. |
| Dimensions | 29 cm. |
| 526 ## - STUDY PROGRAM INFORMATION NOTE | |
| Program name | 0 |
| Interest level | 0 |
| Reading level | 0 |
| Title point value | 628_300000000000000_HAM |
| 650 ## - SUBJECT ADDED ENTRY--TOPICAL TERM | |
| Topical term or geographic name entry element | MCE |
| 9 (RLIN) | 379 |
| 650 ## - SUBJECT ADDED ENTRY--TOPICAL TERM | |
| Topical term or geographic name entry element | Sewage Disposal. |
| 9 (RLIN) | 392 |
| 650 ## - SUBJECT ADDED ENTRY--TOPICAL TERM | |
| Topical term or geographic name entry element | Water-Supply -- Engineering. |
| 9 (RLIN) | 391 |
| 700 ## - ADDED ENTRY--PERSONAL NAME | |
| Personal name | Hammer, Mark J. (jr.). (jt. auth.). |
| 9 (RLIN) | 44193 |
| 942 ## - ADDED ENTRY ELEMENTS (KOHA) | |
| Source of classification or shelving scheme | |
| Koha item type | Book |
| Withdrawn status | Lost status | Source of classification or shelving scheme | Damaged status | Not for loan | Permanent Location | Current Location | Date acquired | Total Checkouts | Full call number | Barcode | Date last seen | Price effective from | Koha item type |
|---|---|---|---|---|---|---|---|---|---|---|---|---|---|
| Military College of Engineering (MCE) | Military College of Engineering (MCE) | 08/19/2014 | 628.3 HAM | MCE-39227 | 08/19/2014 | 08/19/2014 | Book |
